000 01305nam a22002657a 4500
001 6126
003 FISKH
005 20250317123628.0
008 250317b cb ||||| |||| 00| 0 eng d
020 _a9789995081447
040 _aFISKH
_bKhmer and English
_cFISKH
_dFISKH
050 _aPZ7
082 _a610​
100 _aSave Cambodia's Wildlife
245 _aកម្រងឯកសារសិក្សា​ នៃប្រទេសកម្ពុជា :
_bThe school Atlas of Cambodia save Cambodia's wildlife /
_cBy Save Cambodia's Wildlife
260 _aPhnom Penh :
_bSave Cambodia's Wildlife /
_c2006.
300 _a53 pages :
_bcolor illustrations , maps ;
_c30 cm .
520 _aសៀវភៅនេះជាសៀវភៅសិក្សាមួយដែលផ្តោតទៅលើពត៏មាន ស្តីអំពីបរិស្ថាន សុខភាព​​ និងកត្តាផ្សេងៗ​។
520 _aThis book is a textbook that focuses on information about the environment, health, and other factors.
650 _aកម្រងឯកសារសិក្សា​ នៃប្រទេសកម្ពុជា
650 _aCambodia study guide
700 _aManika, Kerri
_eillustrator
942 _2ddc
_cBK
_n0
999 _c6126
_d6126